000 01018cam a2200289Ma 4500
001 ocn906788383
003 OCoLC
005 20170906082121.0
008 170817s2000 sp 000 0 spa d
020 _a8495787059
020 _a9788495787057
035 _a(OCoLC)906788383
040 _aCO-BoUCM
_bspa
_cSandra Palacio
_dSandra Palacio
041 1 _aspa
_heng
110 1 _aThe Arbinger Institute
_986885
245 1 3 _aLa caja
_buna entretenida historia sobre cómo multiplicar nuestra productividad
_cthe Arbinger Institute ; traducción José M. Pomares
260 _aBarcelona (España)
_bUrano, Empresa Activa
_c2000
300 _a223 páginas
650 1 7 _aLiderazgo
_918533
650 2 7 _aLiderazgo ejecutivo
_986886
650 2 7 _aProductividad del trabajo
_922438
650 2 7 _aAdministración
_98524
700 1 _aPomares, José M.
_etraductor
_986887
765 1 _tLeadership and self-deception
942 _2DEWEY
_cLIBRO
_a16
_e1
_h658.4092
_mA664ca
999 _c307100
_d307100